[Event "EYTCC-G"]
[Site "?"]
[Date "2017.08.20"]
[Round "4.5"]
[White "Unuk, Laura"]
[Black "Pychova, Nela"]
[Result "1-0"]
[BlackElo "2201"]
[WhiteElo "2343"]
[LiveChessVersion "1.4.6"]

1. d4 {[%clk 1:30:56]} Nf6 {[%clk 1:30:52]} 2. Nf3 {[%clk 1:31:10]} d5
{[%clk 1:29:25]} 3. Bf4 {[%clk 1:31:29]} c5 {[%clk 1:22:29]} 4. e3
{[%clk 1:31:26]} Nc6 {[%clk 1:20:34]} 5. Nbd2 {[%clk 1:30:25]} cxd4
{[%clk 1:09:41]} 6. exd4 {[%clk 1:30:37]} Qb6 {[%clk 1:08:32]} 7. Nb3
{[%clk 1:11:13]} Bg4 {[%clk 1:06:38]} 8. a4 {[%clk 1:05:47]} a5 {[%clk 1:04:39]}
9. Bb5 {[%clk 1:05:12]} e6 {[%clk 1:04:21]} 10. h3 {[%clk 1:05:06]} Bxf3
{[%clk 1:01:28]} 11. Qxf3 {[%clk 1:05:21]} Bb4+ {[%clk 0:58:05]} 12. c3
{[%clk 1:04:55]} Be7 {[%clk 0:58:16]} 13. Nd2 {[%clk 1:04:33]} O-O
{[%clk 0:55:04]} 14. h4 {[%clk 1:04:16]} Na7 {[%clk 0:49:57]} 15. Bd3
{[%clk 1:03:50]} Qxb2 {[%clk 0:47:33]} 16. Rb1 {[%clk 1:03:58]} Qa3
{[%clk 0:47:35]} 17. O-O {[%clk 1:03:07]} Rfc8 {[%clk 0:43:05]} 18. Rb3
{[%clk 1:02:55]} Qxa4 {[%clk 0:42:06]} 19. Rxb7 {[%clk 1:03:09]} Qe8
{[%clk 0:40:47]} 20. h5 {[%clk 1:02:00]} Nc6 {[%clk 0:33:31]} 21. h6
{[%clk 1:00:56]} g6 {[%clk 0:31:55]} 22. Bg5 {[%clk 0:58:59]} Nd7
{[%clk 0:30:52]} 23. Bxe7 {[%clk 0:58:24]} Qxe7 {[%clk 0:29:54]} 24. Rxd7
{[%clk 0:58:11]} Qxd7 {[%clk 0:30:11]} 25. Qf6 {[%clk 0:58:37]} Kf8
{[%clk 0:30:20]} 26. Bxg6 {[%clk 0:58:55]} Ke8 {[%clk 0:25:14]} 27. Re1
{[%clk 0:56:47]} fxg6 {[%clk 0:22:10]} 28. Rxe6+ {[%clk 0:56:32]} Qxe6
{[%clk 0:22:28]} 29. Qxe6+ {[%clk 0:56:53]} Ne7 {[%clk 0:22:52]} 30. Nf3
{[%clk 0:55:40]} Rc6 {[%clk 0:05:20]} 31. Qe5 {[%clk 0:55:14]} Kd7
{[%clk 0:05:02]} 32. Qg7 {[%clk 0:55:28]} Re6 {[%clk 0:04:40]} 33. c4
{[%clk 0:55:23]} dxc4 {[%clk 0:00:41]} 34. d5 {[%clk 0:54:54]} Re4
{[%clk 0:00:41]} 35. Ne5+ {[%clk 0:49:55]} Rxe5 {[%clk 0:00:41]} 36. Qxe5
{[%clk 0:50:19]} Ra6 {[%clk 0:00:37]} 37. Qb8 {[%clk 0:50:35]} Rd6
{[%clk 0:00:39]} 38. Qb5+ {[%clk 0:50:00]} Kd8 {[%clk 0:00:38]} 39. Qxa5+
{[%clk 0:50:05]} Kd7 {[%clk 0:00:54]} 40. Qb5+ {[%clk 1:17:42]} Kd8
{[%clk 0:31:05]} 41. Qxc4 {[%clk 1:16:35]} Nxd5 {[%clk 0:29:40]} 42. Qd4
{[%clk 1:14:44]} Rd7 {[%clk 0:29:20]} 43. f4 {[%clk 1:15:00]} Nc7
{[%clk 0:23:14]} 44. Qf6+ {[%clk 1:09:00]} Re7 {[%clk 0:23:13]} 45. g4
{[%clk 1:08:42]} Ne8 {[%clk 0:18:24]} 46. Qb6+ {[%clk 1:09:01]} Kd7
{[%clk 0:18:16]} 47. f5 {[%clk 1:08:46]} gxf5 {[%clk 0:18:28]} 48. Qb5+
{[%clk 1:06:50]} Kd8 {[%clk 0:12:15]} 49. Qxf5 {[%clk 1:07:07]} Nd6
{[%clk 0:12:26]} 50. Qf8+ {[%clk 1:06:56]} Kd7 {[%clk 0:12:30]} 51. g5
{[%clk 1:06:31]} Rf7 {[%clk 0:05:12]} 52. Qg8 {[%clk 1:06:32]} Re7
{[%clk 0:02:27]} 53. g6 {[%clk 1:06:27]} hxg6 {[%clk 0:02:37]} 54. h7
{[%clk 1:04:54]} Nf7 {[%clk 0:02:58]} 55. Kg2 {[%clk 1:05:04]} Kd6
{[%clk 0:02:36]} 56. Qxg6+ {[%clk 1:05:19]} Kd7 {[%clk 0:01:45]} 57. Qf6
{[%clk 1:05:05]} Ke8 {[%clk 0:01:12]} 58. Kg3 {[%clk 1:05:01]} Re3+
{[%clk 0:00:46]} 59. Kf4 {[%clk 1:04:04]} Re1 {[%clk 0:00:44]} 60. h8=R+
{[%clk 1:02:57]} Nxh8 {[%clk 0:01:02]} 61. Qxh8+ {[%clk 1:03:17]} Kf7
{[%clk 0:00:36]} 62. Qh5+ {[%clk 1:00:54]} Kf8 {[%clk 0:00:38]} 63. Qc5+
{[%clk 1:01:09]} Kf7 {[%clk 0:00:34]} 64. Qc4+ {[%clk 1:01:16]} Ke8
{[%clk 0:00:38]} 65. Kf5 {[%clk 1:01:06]} Re7 {[%clk 0:00:31]} 66. Kf6
{[%clk 1:00:28]} 1-0

[Event "EYTCC-G"]
[Site "?"]
[Date "2017.08.20"]
[Round "4.6"]
[White "Kanakova, Natalie"]
[Black "Hrescak, Ivana"]
[Result "1-0"]
[BlackElo "2022"]
[WhiteElo "2176"]
[LiveChessVersion "1.4.6"]

1. e4 {[%clk 1:30:57]} c5 {[%clk 1:30:56]} 2. Nf3 {[%clk 1:31:23]} d6
{[%clk 1:31:21]} 3. d4 {[%clk 1:31:49]} cxd4 {[%clk 1:31:45]} 4. Nxd4
{[%clk 1:32:13]} Nf6 {[%clk 1:32:04]} 5. Nc3 {[%clk 1:32:36]} a6 {[%clk 1:32:21]}
6. Bc4 {[%clk 1:32:44]} e6 {[%clk 1:30:51]} 7. Bb3 {[%clk 1:32:52]} Be7
{[%clk 1:26:35]} 8. O-O {[%clk 1:32:47]} Bd7 {[%clk 1:22:18]} 9. Qf3
{[%clk 1:26:36]} Nc6 {[%clk 1:20:24]} 10. Nxc6 {[%clk 1:18:49]} Bxc6
{[%clk 1:20:06]} 11. Qg3 {[%clk 1:16:52]} Qc7 {[%clk 1:10:32]} 12. f3
{[%clk 1:12:37]} O-O-O {[%clk 0:55:00]} 13. Be3 {[%clk 1:06:46]} Rhg8
{[%clk 0:50:58]} 14. Qf2 {[%clk 1:02:56]} Nd7 {[%clk 0:47:09]} 15. Ba4
{[%clk 0:57:28]} g5 {[%clk 0:38:56]} 16. b4 {[%clk 0:55:38]} Bf6 {[%clk 0:33:19]}
17. Bd4 {[%clk 0:53:10]} Bxd4 {[%clk 0:29:27]} 18. Qxd4 {[%clk 0:53:34]} Qb6
{[%clk 0:25:45]} 19. Rad1 {[%clk 0:49:18]} Qxd4+ {[%clk 0:19:14]} 20. Rxd4
{[%clk 0:49:44]} Bxa4 {[%clk 0:19:31]} 21. Nxa4 {[%clk 0:50:09]} b5
{[%clk 0:19:44]} 22. Nb2 {[%clk 0:45:08]} Ne5 {[%clk 0:19:21]} 23. c4
{[%clk 0:30:47]} Kd7 {[%clk 0:11:42]} 24. cxb5 {[%clk 0:25:07]} axb5
{[%clk 0:12:10]} 25. Rfd1 {[%clk 0:18:26]} Ke7 {[%clk 0:12:34]} 26. a4
{[%clk 0:18:29]} bxa4 {[%clk 0:09:03]} 27. Nxa4 {[%clk 0:18:52]} Rb8
{[%clk 0:08:16]} 28. Rb1 {[%clk 0:15:10]} Rgc8 {[%clk 0:06:54]} 29. b5
{[%clk 0:13:50]} Rc2 {[%clk 0:06:21]} 30. b6 {[%clk 0:13:38]} Nc6
{[%clk 0:05:25]} 31. Rd3 {[%clk 0:11:55]} Ra2 {[%clk 0:04:25]} 32. Rc3
{[%clk 0:06:33]} Na5 {[%clk 0:03:05]} 33. Rb4 {[%clk 0:05:43]} Kd8
{[%clk 0:02:04]} 34. Rd4 {[%clk 0:03:30]} e5 {[%clk 0:02:12]} 35. Rb4
{[%clk 0:02:37]} Rb7 {[%clk 0:01:49]} 36. Rc1 {[%clk 0:02:14]} Kd7
{[%clk 0:01:19]} 37. Nc3 {[%clk 0:01:29]} Rd2 {[%clk 0:01:09]} 38. Nd5
{[%clk 0:01:52]} f5 {[%clk 0:00:53]} 39. Ra4 {[%clk 0:01:42]} fxe4
{[%clk 0:00:32]} 40. Rxa5 {[%clk 0:31:10]} exf3 {[%clk 0:30:34]} 41. gxf3
{[%clk 0:18:16]} Ke6 {[%clk 0:27:14]} 42. Rc7 {[%clk 0:17:10]} Rb8
{[%clk 0:25:54]} 43. Re7+ {[%clk 0:17:29]} Kf5 {[%clk 0:26:15]} 44. Rf7+
{[%clk 0:14:21]} Ke6 {[%clk 0:26:24]} 45. Re7+ {[%clk 0:14:28]} Kf5
{[%clk 0:26:49]} 46. Rxh7 {[%clk 0:14:53]} g4 {[%clk 0:26:17]} 47. fxg4+
{[%clk 0:10:49]} Kxg4 {[%clk 0:26:30]} 48. b7 {[%clk 0:09:29]} Rf8
{[%clk 0:19:11]} 49. Rg7+ {[%clk 0:05:41]} Kh3 {[%clk 0:18:24]} 50. Ra3+
{[%clk 0:05:19]} Kh4 {[%clk 0:18:45]} 51. Ra4+ {[%clk 0:05:44]} Kh5
{[%clk 0:18:59]} 52. Nf6+ {[%clk 0:04:29]} Kh6 {[%clk 0:18:16]} 53. Rg8
{[%clk 0:04:24]} Rd1+ {[%clk 0:17:58]} 54. Kg2 {[%clk 0:03:33]} Rd2+
{[%clk 0:18:22]} 55. Kh3 {[%clk 0:03:48]} Rd3+ {[%clk 0:18:37]} 56. Kh4
{[%clk 0:03:47]} 1-0

[Event "EYTCC-G"]
[Site "?"]
[Date "2017.08.20"]
[Round "4.7"]
[White "Gundogan, Sinem Cagla"]
[Black "Narva, Mai"]
[Result "0-1"]
[BlackElo "2210"]
[WhiteElo "2067"]
[LiveChessVersion "1.4.6"]

1. e4 {[%clk 1:30:59]} c5 {[%clk 1:30:51]} 2. Nc3 {[%clk 1:31:05]} Nc6
{[%clk 1:31:10]} 3. g3 {[%clk 1:31:30]} g6 {[%clk 1:31:30]} 4. Bg2
{[%clk 1:31:56]} Bg7 {[%clk 1:31:50]} 5. d3 {[%clk 1:32:20]} d6 {[%clk 1:32:07]}
6. f4 {[%clk 1:31:49]} e6 {[%clk 1:32:20]} 7. Nf3 {[%clk 1:32:00]} Nge7
{[%clk 1:32:35]} 8. Be3 {[%clk 1:32:24]} O-O {[%clk 1:31:28]} 9. O-O
{[%clk 1:32:12]} Nd4 {[%clk 1:31:40]} 10. e5 {[%clk 1:29:00]} Nef5
{[%clk 1:31:47]} 11. Bf2 {[%clk 1:29:23]} Nxf3+ {[%clk 1:32:00]} 12. Qxf3
{[%clk 1:29:46]} Nd4 {[%clk 1:32:16]} 13. Bxd4 {[%clk 1:10:22]} cxd4
{[%clk 1:32:32]} 14. Nb5 {[%clk 1:06:58]} dxe5 {[%clk 1:31:46]} 15. fxe5
{[%clk 1:07:23]} Bxe5 {[%clk 1:31:27]} 16. Rae1 {[%clk 1:07:46]} Bg7
{[%clk 1:30:25]} 17. Re2 {[%clk 1:03:51]} Bd7 {[%clk 1:15:43]} 18. a4
{[%clk 1:01:00]} a6 {[%clk 1:11:06]} 19. Na3 {[%clk 1:01:04]} Rb8
{[%clk 1:09:18]} 20. Nc4 {[%clk 0:57:57]} Bxa4 {[%clk 1:08:07]} 21. Qf4
{[%clk 0:58:20]} Bb5 {[%clk 1:06:48]} 22. Ne5 {[%clk 0:57:02]} f6
{[%clk 1:04:42]} 23. Ng4 {[%clk 0:51:31]} e5 {[%clk 1:04:24]} 24. Qd2
{[%clk 0:51:38]} Qd6 {[%clk 1:02:35]} 25. Rfe1 {[%clk 0:49:27]} Bc6
{[%clk 1:01:19]} 26. Bxc6 {[%clk 0:48:13]} Qxc6 {[%clk 1:01:33]} 27. Qb4
{[%clk 0:47:37]} Rbe8 {[%clk 0:59:36]} 28. Nf2 {[%clk 0:46:14]} f5
{[%clk 0:58:37]} 29. c3 {[%clk 0:45:50]} dxc3 {[%clk 0:57:38]} 30. bxc3
{[%clk 0:46:14]} Rc8 {[%clk 0:57:27]} 31. d4 {[%clk 0:44:34]} e4 {[%clk 0:56:24]}
32. Rc2 {[%clk 0:42:22]} b5 {[%clk 0:55:52]} 33. Rd1 {[%clk 0:38:40]} Qc4
{[%clk 0:53:52]} 34. Qd6 {[%clk 0:38:10]} b4 {[%clk 0:53:42]} 35. Nh3
{[%clk 0:37:03]} b3 {[%clk 0:51:03]} 36. Rb2 {[%clk 0:37:28]} Rfd8
{[%clk 0:50:21]} 37. Qe7 {[%clk 0:37:24]} Re8 {[%clk 0:47:41]} 38. Qd7
{[%clk 0:36:36]} Rcd8 {[%clk 0:46:53]} 39. Qb7 {[%clk 0:36:53]} Rb8
{[%clk 0:45:47]} 40. Qa7 {[%clk 1:05:37]} Qxc3 {[%clk 1:15:40]} 41. Rbb1
{[%clk 1:05:43]} e3 {[%clk 1:15:34]} 42. Ng5 {[%clk 1:04:05]} e2 {[%clk 1:15:33]}
0-1

[Event "EYTCC-G"]
[Site "?"]
[Date "2017.08.20"]
[Round "4.8"]
[White "Olde, Margareth"]
[Black "Ozbay, Ece"]
[Result "1/2-1/2"]
[BlackElo "1966"]
[WhiteElo "2122"]
[LiveChessVersion "1.4.6"]

1. c4 {[%clk 1:30:57]} c6 {[%clk 1:30:54]} 2. Nf3 {[%clk 1:31:21]} Nf6
{[%clk 1:31:15]} 3. e3 {[%clk 1:31:41]} d5 {[%clk 1:31:40]} 4. Nc3
{[%clk 1:31:38]} Bf5 {[%clk 1:31:29]} 5. cxd5 {[%clk 1:31:48]} cxd5
{[%clk 1:31:57]} 6. Qb3 {[%clk 1:31:50]} Bc8 {[%clk 1:32:01]} 7. d4
{[%clk 1:31:59]} e6 {[%clk 1:32:24]} 8. Ne5 {[%clk 1:31:37]} Nc6 {[%clk 1:30:42]}
9. Bd3 {[%clk 1:30:13]} Nd7 {[%clk 1:20:01]} 10. f4 {[%clk 1:16:33]} Be7
{[%clk 1:15:33]} 11. O-O {[%clk 1:11:37]} O-O {[%clk 1:15:23]} 12. Rf3
{[%clk 1:02:37]} g6 {[%clk 1:10:04]} 13. Bd2 {[%clk 0:59:13]} Ndxe5
{[%clk 0:58:35]} 14. fxe5 {[%clk 0:58:52]} f6 {[%clk 0:58:58]} 15. exf6
{[%clk 0:55:46]} Bxf6 {[%clk 0:58:56]} 16. Raf1 {[%clk 0:54:07]} Qe7
{[%clk 0:57:26]} 17. Bb5 {[%clk 0:45:04]} Bd7 {[%clk 0:46:01]} 18. Ne2
{[%clk 0:37:13]} Qg7 {[%clk 0:41:05]} 19. Nf4 {[%clk 0:32:39]} Bg5
{[%clk 0:35:04]} 20. Bxc6 {[%clk 0:30:17]} bxc6 {[%clk 0:35:23]} 21. Bb4
{[%clk 0:29:56]} Rfb8 {[%clk 0:26:57]} 22. Qa3 {[%clk 0:25:15]} e5
{[%clk 0:23:57]} 23. dxe5 {[%clk 0:16:32]} Qxe5 {[%clk 0:24:16]} 24. Nh3
{[%clk 0:15:31]} Bxh3 {[%clk 0:23:18]} 25. Rxh3 {[%clk 0:15:17]} Rb7
{[%clk 0:17:22]} 26. Rhf3 {[%clk 0:15:14]} d4 {[%clk 0:16:01]} 27. Bd2
{[%clk 0:07:15]} Be7 {[%clk 0:14:23]} 28. Qa6 {[%clk 0:04:16]} Qb5
{[%clk 0:03:07]} 29. Qxb5 {[%clk 0:04:42]} Rxb5 {[%clk 0:03:36]} 30. exd4
{[%clk 0:04:32]} Rxb2 {[%clk 0:03:47]} 31. Bh6 {[%clk 0:03:56]} Rbb8
{[%clk 0:01:54]} 32. Re1 {[%clk 0:00:56]} Bf8 {[%clk 0:01:38]} 33. Bxf8
{[%clk 0:00:45]} Rxf8 {[%clk 0:02:05]} 34. Rxf8+ {[%clk 0:00:35]} Kxf8
{[%clk 0:02:07]} 35. Re6 {[%clk 0:00:42]} Rd8 {[%clk 0:02:04]} 36. Rxc6
{[%clk 0:00:42]} Rxd4 {[%clk 0:02:31]} 37. Ra6 {[%clk 0:01:06]} Rd7
{[%clk 0:02:32]} 38. Kf2 {[%clk 0:01:28]} Kf7 {[%clk 0:02:19]} 39. Kf3
{[%clk 0:01:45]} Re7 {[%clk 0:01:46]} 40. Kf4 {[%clk 0:31:46]} Kg7
{[%clk 0:31:24]} 41. h4 {[%clk 0:25:54]} h5 {[%clk 0:19:36]} 42. Ra5
{[%clk 0:22:30]} Kh6 {[%clk 0:19:37]} 43. a4 {[%clk 0:19:43]} Re2
{[%clk 0:15:01]} 44. g3 {[%clk 0:17:46]} Rf2+ {[%clk 0:09:42]} 45. Ke3
{[%clk 0:18:03]} Rf7 {[%clk 0:10:09]} 46. Ke4 {[%clk 0:18:03]} Re7+
{[%clk 0:10:02]} 47. Kd4 {[%clk 0:18:01]} Rf7 {[%clk 0:10:19]} 48. Kc4
{[%clk 0:15:06]} Rf3 {[%clk 0:08:25]} 49. Rg5 {[%clk 0:15:28]} Rf6
{[%clk 0:08:52]} 50. Rd5 {[%clk 0:12:00]} Rf3 {[%clk 0:08:46]} 51. Rg5
{[%clk 0:10:38]} Rf6 {[%clk 0:08:54]} 52. a5 {[%clk 0:09:05]} Re6
{[%clk 0:01:50]} 53. Kd4 {[%clk 0:09:06]} Ra6 {[%clk 0:00:55]} 54. Rd5
{[%clk 0:08:15]} Rf6 {[%clk 0:00:56]} 55. Kc5 {[%clk 0:07:22]} Rf3
{[%clk 0:00:51]} 56. Rg5 {[%clk 0:07:32]} Rf6 {[%clk 0:00:34]} 57. Re5
{[%clk 0:01:59]} Rf3 {[%clk 0:00:43]} 58. Rg5 {[%clk 0:02:25]} Rf6
{[%clk 0:01:10]} 59. Kb5 {[%clk 0:02:24]} Re6 {[%clk 0:00:41]} 60. Kc4
{[%clk 0:02:07]} Rf6 {[%clk 0:00:42]} 61. Rd5 {[%clk 0:02:31]} Rf3
{[%clk 0:01:00]} 62. Rd3 {[%clk 0:02:13]} Rf5 {[%clk 0:00:44]} 63. Rd5
{[%clk 0:01:33]} Rf3 {[%clk 0:01:09]} 64. Rd3 {[%clk 0:02:00]} Rf5
{[%clk 0:01:33]} 65. Rd5 {[%clk 0:01:28]} 1/2-1/2

[Event "EYTCC-G"]
[Site "?"]
[Date "2017.08.20"]
[Round "4.9"]
[White "Injac, Teodora"]
[Black "Schneider, Jana"]
[Result "1-0"]
[BlackElo "2275"]
[WhiteElo "2279"]
[LiveChessVersion "1.4.6"]

1. Nf3 {[%clk 1:30:58]} d5 {[%clk 1:30:49]} 2. d4 {[%clk 1:31:23]} Nf6
{[%clk 1:31:10]} 3. c4 {[%clk 1:31:44]} e6 {[%clk 1:31:33]} 4. Nc3
{[%clk 1:31:27]} Be7 {[%clk 1:31:52]} 5. Bf4 {[%clk 1:30:28]} O-O
{[%clk 1:31:30]} 6. e3 {[%clk 1:30:23]} b6 {[%clk 1:27:49]} 7. Be2
{[%clk 1:29:36]} Bb7 {[%clk 1:27:53]} 8. cxd5 {[%clk 1:27:52]} exd5
{[%clk 1:25:33]} 9. h3 {[%clk 1:18:15]} c5 {[%clk 1:24:07]} 10. O-O
{[%clk 1:17:00]} Nc6 {[%clk 1:18:06]} 11. Ne5 {[%clk 1:12:54]} a6
{[%clk 1:01:02]} 12. Bf3 {[%clk 1:05:22]} c4 {[%clk 0:58:22]} 13. a4
{[%clk 1:01:45]} Na5 {[%clk 0:52:18]} 14. Qc2 {[%clk 0:56:34]} Qe8
{[%clk 0:46:52]} 15. g4 {[%clk 0:54:46]} Qd8 {[%clk 0:34:47]} 16. Rad1
{[%clk 0:50:52]} Ne8 {[%clk 0:28:17]} 17. Bg2 {[%clk 0:45:35]} f6
{[%clk 0:27:56]} 18. Nf3 {[%clk 0:46:00]} Bb4 {[%clk 0:25:54]} 19. Bh2
{[%clk 0:32:51]} Bc6 {[%clk 0:24:35]} 20. Nh4 {[%clk 0:31:08]} Qd7
{[%clk 0:23:23]} 21. Qf5 {[%clk 0:27:03]} Rd8 {[%clk 0:21:54]} 22. Na2
{[%clk 0:18:30]} Be7 {[%clk 0:20:57]} 23. Qxd7 {[%clk 0:17:27]} Rxd7
{[%clk 0:21:20]} 24. Nf5 {[%clk 0:17:42]} Bd8 {[%clk 0:19:49]} 25. Nb4
{[%clk 0:16:48]} Bb7 {[%clk 0:18:21]} 26. f3 {[%clk 0:08:41]} g6 {[%clk 0:18:02]}
27. Ng3 {[%clk 0:09:10]} Be7 {[%clk 0:18:04]} 28. Na2 {[%clk 0:09:14]} Bc6
{[%clk 0:17:24]} 29. Nc3 {[%clk 0:09:22]} Nb3 {[%clk 0:15:21]} 30. Nge2
{[%clk 0:09:01]} Bd6 {[%clk 0:12:11]} 31. Bxd6 {[%clk 0:06:21]} Rxd6
{[%clk 0:12:26]} 32. e4 {[%clk 0:04:50]} Nc7 {[%clk 0:12:06]} 33. e5
{[%clk 0:04:22]} fxe5 {[%clk 0:10:27]} 34. dxe5 {[%clk 0:04:48]} Rd7
{[%clk 0:05:39]} 35. f4 {[%clk 0:04:48]} Re8 {[%clk 0:05:45]} 36. Nd4
{[%clk 0:03:54]} Nxd4 {[%clk 0:06:10]} 37. Rxd4 {[%clk 0:04:23]} g5
{[%clk 0:06:04]} 38. Rxc4 {[%clk 0:04:03]} Ba8 {[%clk 0:03:06]} 39. Rd4
{[%clk 0:02:38]} gxf4 {[%clk 0:03:19]} 40. Ne4 {[%clk 0:32:31]} dxe4
{[%clk 0:31:18]} 41. Rxd7 {[%clk 0:31:16]} Ne6 {[%clk 0:31:22]} 42. Re1
{[%clk 0:24:01]} Nc5 {[%clk 0:21:08]} 43. Ra7 {[%clk 0:05:41]} Bd5
{[%clk 0:18:54]} 44. b4 {[%clk 0:03:49]} Nd3 {[%clk 0:17:50]} 45. Bxe4
{[%clk 0:03:42]} Nxe1 {[%clk 0:17:28]} 46. Bxd5+ {[%clk 0:04:10]} Kh8
{[%clk 0:17:49]} 47. e6 {[%clk 0:04:13]} Nd3 {[%clk 0:17:52]} 48. e7
{[%clk 0:04:02]} Ne5 {[%clk 0:17:43]} 49. Ra8 {[%clk 0:04:14]} 1-0

[Event "EYTCC-G"]
[Site "?"]
[Date "2017.08.20"]
[Round "4.10"]
[White "Rogozenco, Teodora"]
[Black "Gajcin, Marina"]
[Result "1-0"]
[BlackElo "2263"]
[WhiteElo "2162"]
[LiveChessVersion "1.4.6"]

1. d4 {[%clk 1:30:59]} Nf6 {[%clk 1:30:51]} 2. c4 {[%clk 1:31:26]} g6
{[%clk 1:31:10]} 3. Nf3 {[%clk 1:31:48]} Bg7 {[%clk 1:31:35]} 4. Nc3
{[%clk 1:32:16]} d5 {[%clk 1:32:01]} 5. cxd5 {[%clk 1:32:41]} Nxd5
{[%clk 1:32:26]} 6. e4 {[%clk 1:33:07]} Nxc3 {[%clk 1:32:21]} 7. bxc3
{[%clk 1:33:32]} c5 {[%clk 1:32:48]} 8. Rb1 {[%clk 1:33:57]} O-O {[%clk 1:32:34]}
9. Be2 {[%clk 1:34:24]} b6 {[%clk 1:32:44]} 10. O-O {[%clk 1:34:21]} Bb7
{[%clk 1:33:03]} 11. d5 {[%clk 1:27:19]} Bxc3 {[%clk 1:23:07]} 12. Bb2
{[%clk 1:26:34]} Bxb2 {[%clk 1:22:57]} 13. Rxb2 {[%clk 1:26:59]} f6
{[%clk 1:01:55]} 14. h4 {[%clk 1:24:26]} Nd7 {[%clk 0:53:37]} 15. h5
{[%clk 1:24:12]} Qc7 {[%clk 0:46:05]} 16. Qc1 {[%clk 1:13:06]} Kg7
{[%clk 0:39:35]} 17. Nd4 {[%clk 1:12:51]} Qe5 {[%clk 0:37:17]} 18. Ne6+
{[%clk 1:11:50]} Kf7 {[%clk 0:37:10]} 19. Bb5 {[%clk 1:00:47]} Qxe4
{[%clk 0:13:50]} 20. f3 {[%clk 0:57:07]} Qe5 {[%clk 0:10:05]} 21. Bxd7
{[%clk 0:50:12]} Rh8 {[%clk 0:09:48]} 22. Qh6 {[%clk 0:29:37]} f5
{[%clk 0:04:29]} 23. Ng5+ {[%clk 0:29:31]} Kf6 {[%clk 0:04:52]} 24. Nxh7+
{[%clk 0:29:53]} 1-0

[Event "EYTCC-G"]
[Site "?"]
[Date "2017.08.20"]
[Round "4.11"]
[White "Arda, Cagil Irmak"]
[Black "Egyed, Judit"]
[Result "1-0"]
[BlackElo "2162"]
[WhiteElo "2124"]
[LiveChessVersion "1.4.6"]

1. e4 {[%clk 1:30:24]} d6 {[%clk 1:30:54]} 2. d4 {[%clk 1:30:50]} Nf6
{[%clk 1:31:15]} 3. Nc3 {[%clk 1:31:15]} g6 {[%clk 1:31:41]} 4. f4
{[%clk 1:31:41]} Bg7 {[%clk 1:31:59]} 5. Nf3 {[%clk 1:32:05]} c5 {[%clk 1:32:19]}
6. dxc5 {[%clk 1:32:31]} Qa5 {[%clk 1:32:32]} 7. Qd4 {[%clk 1:32:56]} Qxc5
{[%clk 1:28:32]} 8. Qxc5 {[%clk 1:31:31]} dxc5 {[%clk 1:28:54]} 9. e5
{[%clk 1:31:56]} Nfd7 {[%clk 1:28:09]} 10. Nd5 {[%clk 1:25:32]} O-O
{[%clk 1:15:17]} 11. Nc7 {[%clk 1:25:06]} Nb6 {[%clk 1:15:37]} 12. Be3
{[%clk 1:22:47]} N8d7 {[%clk 1:15:30]} 13. Nxa8 {[%clk 1:23:10]} Nxa8
{[%clk 1:15:53]} 14. O-O-O {[%clk 1:23:18]} Nc7 {[%clk 1:15:22]} 15. a4
{[%clk 1:19:10]} a6 {[%clk 1:12:45]} 16. a5 {[%clk 1:17:58]} e6 {[%clk 1:10:14]}
17. Bc4 {[%clk 1:15:07]} Re8 {[%clk 1:09:43]} 18. Ng5 {[%clk 1:14:44]} b5
{[%clk 1:05:17]} 19. axb6 {[%clk 1:14:38]} Nxb6 {[%clk 1:05:42]} 20. Bb3
{[%clk 1:13:21]} Nbd5 {[%clk 0:43:12]} 21. Bxc5 {[%clk 1:09:32]} Nxf4
{[%clk 0:30:47]} 22. Ba4 {[%clk 1:07:58]} Nb5 {[%clk 0:31:10]} 23. c4
{[%clk 1:07:50]} Bb7 {[%clk 0:31:35]} 24. cxb5 {[%clk 1:03:53]} Rc8
{[%clk 0:30:07]} 25. b4 {[%clk 1:03:30]} axb5 {[%clk 0:29:22]} 26. Bc2
{[%clk 1:01:15]} Bxg2 {[%clk 0:18:36]} 27. Rhe1 {[%clk 1:00:58]} h6
{[%clk 0:18:46]} 28. Ne4 {[%clk 0:57:19]} Bf3 {[%clk 0:18:06]} 29. Rd7
{[%clk 0:52:38]} Bxe5 {[%clk 0:15:24]} 30. Nd6 {[%clk 0:52:55]} Ne2+
{[%clk 0:15:22]} 31. Rxe2 {[%clk 0:51:56]} Bxd6 {[%clk 0:15:46]} 32. Rf2
{[%clk 0:51:48]} Bf4+ {[%clk 0:15:53]} 33. Kb1 {[%clk 0:50:32]} Bc6
{[%clk 0:16:16]} 34. Re7 {[%clk 0:48:16]} g5 {[%clk 0:16:26]} 35. h3
{[%clk 0:44:16]} Bd5 {[%clk 0:15:52]} 36. Bd3 {[%clk 0:43:51]} Bc6
{[%clk 0:14:19]} 37. Ra2 {[%clk 0:40:06]} Be5 {[%clk 0:13:02]} 38. Raa7
{[%clk 0:37:21]} Bb8 {[%clk 0:13:23]} 39. Ra6 {[%clk 0:37:31]} Be5
{[%clk 0:13:38]} 40. Rb6 {[%clk 1:05:02]} Bf6 {[%clk 0:43:58]} 41. Ra7
{[%clk 1:05:08]} Bg2 {[%clk 0:42:11]} 42. Bxb5 {[%clk 1:01:58]} Bxh3
{[%clk 0:42:32]} 43. Rbb7 {[%clk 1:01:59]} Bf5+ {[%clk 0:42:42]} 44. Kc1
{[%clk 0:58:39]} Bg6 {[%clk 0:41:59]} 45. Bd7 {[%clk 0:53:45]} Rd8
{[%clk 0:42:21]} 46. b5 {[%clk 0:52:33]} h5 {[%clk 0:34:40]} 47. Rc7
{[%clk 0:50:51]} h4 {[%clk 0:30:44]} 48. b6 {[%clk 0:35:58]} Be5 {[%clk 0:24:54]}
49. Be7 {[%clk 0:27:22]} Rb8 {[%clk 0:23:39]} 50. Rc8+ {[%clk 0:27:18]} Rxc8+
{[%clk 0:23:28]} 51. Bxc8 {[%clk 0:27:43]} Bf4+ {[%clk 0:23:45]} 52. Kd1
{[%clk 0:27:42]} Be4 {[%clk 0:23:49]} 53. Bc5 {[%clk 0:19:47]} h3
{[%clk 0:23:41]} 54. Bg1 {[%clk 0:20:13]} g4 {[%clk 0:20:10]} 55. Ra4
{[%clk 0:13:38]} Bf3+ {[%clk 0:16:10]} 56. Ke1 {[%clk 0:13:52]} Bd6
{[%clk 0:13:05]} 57. Kf2 {[%clk 0:11:19]} h2 {[%clk 0:09:07]} 58. Bxh2
{[%clk 0:11:40]} Bxh2 {[%clk 0:09:34]} 59. b7 {[%clk 0:11:06]} Kg7
{[%clk 0:08:58]} 60. Ra8 {[%clk 0:10:21]} Kg6 {[%clk 0:08:02]} 61. b8=Q
{[%clk 0:10:08]} Bxb8 {[%clk 0:08:25]} 62. Rxb8 {[%clk 0:10:35]} Kg5
{[%clk 0:07:47]} 63. Kg3 {[%clk 0:10:36]} Bd5 {[%clk 0:07:45]} 64. Bb7
{[%clk 0:10:00]} Bxb7 {[%clk 0:07:15]} 65. Rxb7 {[%clk 0:10:27]} f5
{[%clk 0:07:41]} 66. Rb5 {[%clk 0:10:50]} Kg6 {[%clk 0:07:05]} 67. Kf4
{[%clk 0:10:53]} Kf6 {[%clk 0:04:46]} 68. Rb6 {[%clk 0:11:02]} g3
{[%clk 0:04:42]} 69. Kxg3 {[%clk 0:11:23]} Ke5 {[%clk 0:05:09]} 70. Kf3
{[%clk 0:11:36]} Kd5 {[%clk 0:04:18]} 71. Rb5+ {[%clk 0:12:00]} Kc6
{[%clk 0:03:42]} 72. Ra5 {[%clk 0:12:20]} Kd6 {[%clk 0:04:00]} 73. Kf4
{[%clk 0:12:47]} 1-0